Industrial advertising and publicity
Saved in:
| Main Author: | |
|---|---|
| Format: | Book |
| Language: | English |
| Published: |
London :
Associated Business Programmes,
1978
|
| Edition: | 2nd ed. |
| Subjects: | |
| Tags: |
Add Tag
No Tags, Be the first to tag this record!
|
MARC
| LEADER | 00000nam a2200000 i 4500 | ||
|---|---|---|---|
| 001 | 1/49434 | ||
| 008 | 950208s1978 eng d | ||
| 020 | |a 0852270631 |c Ή7.95 | ||
| 035 | |l 10026836 | ||
| 040 | |a GR-MY-UA |b gre |e aacr | ||
| 041 | 0 | |a eng | |
| 082 | 0 | |a 659.1 | |
| 100 | 1 | |a Hart, Norman A. | |
| 245 | 1 | 0 | |a Industrial advertising and publicity / |c [by] Norman A. Hart |
| 250 | |a 2nd ed. | ||
| 260 | |a London : |b Associated Business Programmes, |c 1978 | ||
| 300 | |a [12], 300 σ.; |b εικ.; |c 23 εκ. | ||
| 500 | |a Edition for 1971 published under title: Industrial publicity | ||
| 504 | |a Βιβλιογραφία: σ. [293]-295 | ||
| 504 | |a Περιλαμβάνει ευρετήριο | ||
| 650 | 0 | 0 | |a Advertising. |
| 650 | 0 | 0 | |a Publicity. |
| 650 | 0 | 0 | |a Sales promotion. |
| 852 | |a INST |b CHIOS |e 19950208 |h 659.1 HAR |p 005200004332 |q 005200004332 |t BK |y 0 | ||
| 909 | |a Χ |b 000072 | ||